[Event "AUTO-ADV-3767"]
[Site "http://www.queenalice.com/game.php?id=1478405"]
[Date "2017.5.17"]
[Round "2"]
[White "ValensKaiser"]
[Black "valdenicio"]
[Result "1-0"]
[WhiteElo "2096"]
[BlackElo "2230"]

1. Nf3 Nf6 2. c4 c5 3. Nc3 g6 4. e4 d6 5. d4 cxd4 6. Nxd4 Bg7 7. Be2 O-O 8. Be3
Nc6 9. O-O Nxd4 10. Bxd4 Be6 11. f4 Qa5 12. Nd5 Bxd5 13. exd5 Nd7 14. Bxg7 Kxg7
15. Kh1 Qb6 16. b3 h5 17. Qd2 h4 18. f5 Nf6 19. fxg6 fxg6 20. Rae1 Rf7 21. Bd3
h3 22. gxh3 Rh8 23. Bxg6 Rxh3 24. Qg5 Qd4 25. Bf5+ Kf8 26. Bxh3 Ke8 27. Qg6 Kf8
28. Be6 Rg7 29. Qh6 1-0

[Event "AUTO-ADV-3767"]
[Site "http://www.queenalice.com/game.php?id=1478406"]
[Date "2017.5.17"]
[Round "2"]
[White "valdenicio"]
[Black "ValensKaiser"]
[Result "0-1"]
[WhiteElo "1994"]
[BlackElo "2116"]

1. Nf3 d5 2. d4 c6 3. e3 Bf5 4. c4 Bxb1 5. Rxb1 Qa5+ 6. Bd2 Qxa2 7. Qc1 Qb3 8.
cxd5 Qxd5 9. Bc4 Qd8 10. Qc3 e6 11. b4 Nf6 12. Qb3 Bd6 13. Bxe6 fxe6 14. Qxe6+
Kf8 15. Ng5 Qe7 16. Qc8+ Ne8 17. Ne6+ Kg8 18. O-O Qd7 19. Qxd7 Nxd7 20. b5 c5
21. Bc3 cxd4 22. exd4 Rc8 23. Rb3 Nb6 24. Ra1 Nd5 25. Bd2 Ra8 26. b6 a6 27. Rb5
Nef6 28. f3 Re8 29. Nc7 Nxc7 30. bxc7 axb5 31. Ra7 b6 32. g3 Rc8 33. Rb7 Nd5 34.
Bf4 Nxf4 0-1

[Event "Challenge"]
[Site "http://www.queenalice.com/game.php?id=1479975"]
[Date "2017.5.27"]
[Round "-"]
[White "leoreis"]
[Black "ValensKaiser"]
[Result "0-1"]
[WhiteElo "1887"]
[BlackElo "1978"]

1. e4 e5 2. Nc3 Nc6 3. Nf3 Nf6 4. Bb5 Nd4 5. Nxd4 exd4 6. Ne2 c6 7. Bd3 d5 8. e5
Ng4 9. Nxd4 Nxe5 10. Be2 Qh4 11. Nf3 Nxf3+ 12. Bxf3 Bd6 13. h3 O-O 14. d3 Re8+
15. Kf1 Be6 16. Be3 d4 17. Bd2 Re7 18. Bg4 Rae8 19. Bxe6 Rxe6 20. Qg4 Qe7 21.
Qxd4 Bc5 22. Qf4 Rf6 0-1

[Event "Challenge"]
[Site "http://www.queenalice.com/game.php?id=1489378"]
[Date "2017.8.9"]
[Round "-"]
[White "AlekinePb"]
[Black "ValensKaiser"]
[Result "0-1"]
[WhiteElo "1930"]
[BlackElo "2001"]

1. d4 Nf6 2. Nf3 g6 3. c4 Bg7 4. Nc3 O-O 5. e4 d6 6. Bd3 Nc6 7. O-O Bg4 8. h3
Bxf3 9. Qxf3 Nxd4 10. Qd1 c5 11. Nd5 Nxd5 12. cxd5 e6 13. Bc4 Qh4 14. Qg4 Qxg4
15. hxg4 b5 16. Bb3 Ne2+ 17. Kh2 c4 18. Bd1 Nxc1 19. Rxc1 exd5 20. exd5 Bxb2 0-1

[Event "Challenge"]
[Site "http://www.queenalice.com/game.php?id=1490199"]
[Date "2017.8.15"]
[Round "-"]
[White "ValensKaiser"]
[Black "AlekinePb"]
[Result "1-0"]
[WhiteElo "2014"]
[BlackElo "1920"]

1. Nf3 Nf6 2. g3 g6 3. c4 c6 4. Bg2 Bg7 5. O-O O-O 6. d4 d5 7. b3 e6 8. Ba3 Re8
9. Nc3 Nbd7 10. Qd3 Qc7 11. e3 dxc4 12. Qxc4 b5 13. Nxb5 Qb6 14. Nd6 a5 15. Nxe8
Nxe8 16. Ne5 Nxe5 17. dxe5 Bxe5 18. Qxc6 Qxc6 19. Bxc6 Bxa1 20. Rxa1 Ra7 21. Rd1
Nf6 22. Rd8+ Kg7 23. Bf8+ Kg8 24. Bh6+ Ne8 25. Rxe8# 1-0

[Event "Challenge"]
[Site "http://www.queenalice.com/game.php?id=1490396"]
[Date "2017.8.16"]
[Round "-"]
[White "AlekinePb"]
[Black "ValensKaiser"]
[Result "0-1"]
[WhiteElo "1967"]
[BlackElo "2022"]

1. c4 e5 2. Nc3 d6 3. g3 f5 4. Bg2 Nf6 5. Nf3 g6 6. d3 Bg7 7. O-O O-O 8. Bg5
Nbd7 9. Rc1 Nc5 10. Nd5 Be6 11. Nxf6+ Bxf6 12. Bxf6 Qxf6 13. Nd2 Rfb8 14. b4 Na6
15. a3 c5 16. b5 Nc7 17. a4 Qe7 18. e4 f4 19. f3 Qg5 20. g4 Bd7 21. Qe1 Ne6 22.
h4 Qe7 23. Kh2 a6 24. Rh1 axb5 25. axb5 Ra3 26. Qe2 Qxh4+ 27. Kg1 Nd4 28. Qf1
Qd8 29. Nb1 Ra5 30. Nc3 b6 31. Qf2 Be6 32. Qh4 Qxh4 33. Rxh4 Rba8 34. Kf2 Ra1
35. Rhh1 Rxc1 36. Rxc1 h5 37. Rh1 hxg4 38. fxg4 Ra3 39. Rc1 Bxg4 40. Bf1 Kf7 41.
Nd5 Ra2+ 42. Ke1 Nf3+ 43. Kd1 Rd2# 0-1

[Event "Challenge"]
[Site "http://www.queenalice.com/game.php?id=1490512"]
[Date "2017.8.17"]
[Round "-"]
[White "ValensKaiser"]
[Black "AlekinePb"]
[Result "1-0"]
[WhiteElo "2061"]
[BlackElo "1952"]

1. d4 Nf6 2. Nf3 d5 3. c4 e6 4. g3 b6 5. Bg2 Bb7 6. cxd5 exd5 7. O-O Bd6 8. Nc3
O-O 9. Nb5 a6 10. Nxd6 Qxd6 11. Bf4 Qd7 12. Rc1 c6 13. e3 Ne4 14. b4 Qe7 15. Qb3
g5 16. Bxb8 Raxb8 17. Qb2 Nd6 18. Ne5 Rfc8 19. Rc2 b5 20. Nd3 Nc4 21. Qc3 Ra8
22. Bh3 Re8 23. Nc5 a5 24. bxa5 Rxa5 25. Bd7 Rb8 26. Rfc1 Ba8 27. Qe1 Ra7 28.
Bg4 Bb7 29. Kf1 Bc8 30. Bxc8 Rxc8 31. Qd1 Rca8 32. Ra1 Ra3 33. Kg1 Qf6 34. Qe2
Qg6 35. Kh1 h5 36. h4 g4 37. Rac1 Nd6 38. Kg1 Nc4 39. Kh1 Kh7 40. Kg1 b4 41. Kf1
Nd6 42. Qd2 Rb8 43. Nd7 Rc8 44. Qxb4 Nc4 45. Rxc4 dxc4 46. Qxa3 Kg7 47. Rxc4
Qb1+ 48. Rc1 Qe4 49. Qa5 Qh1+ 50. Ke2 Qxc1 51. Qg5+ Kh8 52. Qh6+ Kg8 53. Nf6#
1-0

[Event "Challenge"]
[Site "http://www.queenalice.com/game.php?id=1490791"]
[Date "2017.8.19"]
[Round "-"]
[White "AlekinePb"]
[Black "ValensKaiser"]
[Result "1-0"]
[WhiteElo "1891"]
[BlackElo "2044"]

1. d4 Nc6 2. d5 Ne5 3. Bf4 Ng6 4. Bg3 Nf6 5. c4 Ne4 6. Nf3 e6 7. e3 c6 8. dxc6
Bb4+ 9. Nbd2 dxc6 10. a3 Nxg3 11. hxg3 Qa5 12. axb4 Qxb4 13. b3 O-O 14. Bd3 Rd8
15. Ra4 Qd6 16. Be2 c5 17. Ne4 Qb6 18. Qc2 Bd7 19. Ra1 Bc6 20. Nc3 Rd6 21. O-O
Rad8 22. Rad1 Rxd1 23. Rxd1 Rxd1+ 24. Qxd1 Qa5 25. Qd3 Qa1+ 26. Kh2 f6 27. Ne4
Nf8 28. Nxc5 Qa3 29. Qd6 Bxf3 30. Bxf3 b6 31. Nb7 Qxb3 32. c5 bxc5 33. Nxc5 Qa2
34. Nxe6 Qxe6 35. Bd5 1-0

[Event "Challenge"]
[Site "http://www.queenalice.com/game.php?id=1491872"]
[Date "2017.8.27"]
[Round "-"]
[White "ValensKaiser"]
[Black "AlekinePb"]
[Result "1-0"]
[WhiteElo "2049"]
[BlackElo "1940"]

1. e4 d6 2. d4 Nf6 3. Nc3 g6 4. Bg5 Bg7 5. f4 O-O 6. Nf3 c6 7. Bd3 b5 8. O-O b4
9. Ne2 a5 10. a3 c5 11. dxc5 dxc5 12. e5 Nd5 13. Bc4 Bb7 14. Bxd5 Bxd5 15. Bxe7
Qxe7 16. Qxd5 Ra7 17. axb4 cxb4 18. Rxa5 Rxa5 19. Qxa5 Rd8 20. Nfd4 Rxd4 21.
Nxd4 Nd7 22. Nc6 Qc5+ 23. Qxc5 Nxc5 24. Nxb4 Ne4 25. Nd5 Nd2 26. Rd1 Nc4 27. Rd4
Nxb2 28. Rb4 Nd1 29. Rb1 1-0

[Event "Challenge"]
[Site "http://www.queenalice.com/game.php?id=1492606"]
[Date "2017.9.2"]
[Round "-"]
[White "AlekinePb"]
[Black "ValensKaiser"]
[Result "0-1"]
[WhiteElo "1953"]
[BlackElo "2036"]

1. d4 d5 2. Nf3 Nf6 3. Bf4 c6 4. e3 Bg4 5. Be2 e6 6. c4 Bxf3 7. Bxf3 dxc4 8. Qa4
Qb6 9. Qc2 Nd5 10. a3 Nxf4 11. exf4 Qxd4 12. O-O Qxf4 13. a4 Bd6 14. Nd2 Qxh2#
0-1

[Event "Challenge"]
[Site "http://www.queenalice.com/game.php?id=1492607"]
[Date "2017.9.2"]
[Round "-"]
[White "ValensKaiser"]
[Black "AlekinePb"]
[Result "1-0"]
[WhiteElo "2073"]
[BlackElo "1904"]

1. Nc3 d5 2. e4 d4 3. Nb1 c5 4. Bc4 Nc6 5. Nf3 e6 6. O-O Nf6 7. e5 Nd5 8. d3 Be7
9. Bd2 O-O 10. Re1 a6 11. Bb3 b5 12. a4 Bb7 13. Na3 Na5 14. Bxd5 Bxd5 15. axb5
axb5 16. Nxb5 Qb6 17. c4 Bxf3 18. Qxf3 Ra6 19. Qg4 g6 20. Bxa5 Rxa5 21. b4 cxb4
22. Rxa5 Qxa5 23. Qxd4 Rd8 24. Qe4 b3 25. Rb1 Qd2 26. d4 b2 27. Qe3 Qc2 28. Qe1
Bb4 29. Qf1 Bd2 30. Na3 Qb3 31. Nb5 Bc1 32. Rxc1 bxc1=Q 33. Qxc1 Rc8 34. Nd6 Rb8
35. g3 Qb1 36. Qxb1 Rxb1+ 37. Kg2 Kf8 38. Kf3 Ke7 39. h4 Rd1 40. Ke4 Re1+ 41.
Kf4 f6 42. Nc8+ Kf7 43. Nd6+ Ke7 44. Ne4 fxe5+ 45. Kxe5 Rc1 46. d5 exd5 47. cxd5
Re1 48. d6+ Kd8 49. Kd5 Rd1+ 50. Ke5 Rd3 51. Ke6 Rf3 52. Nc5 Rf8 53. d7 Kc7 54.
Ke7 Rxf2 55. d8=Q+ Kc6 56. Ne6 Re2 57. Qd6+ Kb5 58. Qc5+ Ka4 59. Qc4+ Ka5 60.
Qxe2 h5 61. Qe5+ Kb4 62. Qc5+ Kb3 63. Nd4+ Kb2 64. Qc2+ Ka3 65. Qb3# 1-0

[Event "Challenge"]
[Site "http://www.queenalice.com/game.php?id=1494952"]
[Date "2017.9.17"]
[Round "-"]
[White "Paulokarov"]
[Black "ValensKaiser"]
[Result "0-1"]
[WhiteElo "2031"]
[BlackElo "2113"]

1. e4 e5 2. Nf3 Nf6 3. Bc4 Nxe4 4. Nxe5 d5 5. Qf3 Be6 6. d4 Nxf2 7. Bb5+ c6 8.
Bxc6+ Nxc6 9. Nxc6 bxc6 10. Qxf2 Bd6 11. Bd2 Qb8 12. Nc3 Qxb2 13. O-O Qxc2 14.
Rfc1 Qf5 15. Qe3 O-O 16. Rf1 Qh5 17. g3 c5 18. Ne2 cxd4 19. Nxd4 Rfe8 20. Rae1
Qh3 21. Rf2 Re7 22. Nb5 Bd7 23. Nxd6 Rxe3 24. Rxe3 Be6 25. Rc3 Rb8 26. Bc1 Qh5
27. h4 Qe5 28. Rc6 Qxg3+ 29. Rg2 Qe1+ 30. Kh2 Qxh4+ 31. Kg1 Qe1+ 32. Kh2 Rb4 33.
Bg5 Qe5+ 34. Kg1 Bd7 35. Nxf7 Qe1+ 36. Kh2 Rh4+ 37. Bxh4 Qxh4+ 38. Kg1 Bxc6 39.
Ng5 d4 40. Nf3 Bxf3 41. a4 Bxg2 42. Kxg2 Qe4+ 43. Kf2 d3 44. a5 d2 45. Kg3 d1=Q
46. Kf2 Qdd3 47. Kg1 Qd2 0-1

[Event "CESAR KAISER vs JOSE ZOMBIE"]
[Site "http://www.queenalice.com/game.php?id=1502733"]
[Date "2017.11.8"]
[Round "-"]
[White "JOSETEZOMBIE"]
[Black "ValensKaiser"]
[Result "1-0"]
[WhiteElo "2139"]
[BlackElo "2131"]

1. e4 e5 2. Nf3 Nc6 3. Bb5 a6 4. Ba4 Nf6 5. Nc3 b5 6. Bb3 Be7 7. d3 d6 8. Nd5
Na5 9. Nxe7 Qxe7 10. Ke2 Nxb3 11. axb3 O-O 12. Re1 g6 13. Bg5 Re8 14. Kf1 Bg4
15. Kg1 a5 16. h3 Be6 17. d4 exd4 18. Qxd4 Kg7 19. e5 dxe5 20. Qh4 Kg8 21. Bxf6
Qb4 22. Re4 1-0

[Event "Challenge"]
[Site "http://www.queenalice.com/game.php?id=1513450"]
[Date "2018.1.25"]
[Round "-"]
[White "marlon2006"]
[Black "ValensKaiser"]
[Result "0-1"]
[WhiteElo "2100"]
[BlackElo "2124"]

1. e4 e6 2. d4 d5 3. Nc3 Bb4 4. Bd3 dxe4 5. Bxe4 Nf6 6. Bf3 Bxc3+ 7. bxc3 O-O 8.
Ne2 Nbd7 9. O-O e5 10. Ng3 c6 11. Be3 Qa5 12. Bd2 Rd8 13. c4 Qa6 14. Bg5 Nb6 15.
Bxf6 Rxd4 16. Qc1 gxf6 17. Qh6 Bg4 18. Qxf6 Qxc4 19. Nf5 Bxf5 20. Qxf5 Qe6 21.
Qxe6 fxe6 22. Rfe1 Nd7 23. c3 Rc4 24. Rab1 Rb8 25. Rbc1 Kf7 26. h3 Nc5 27. Be2
Ra4 28. Rc2 Rd8 29. Bh5+ Kf6 30. Re3 Re4 31. Rf3+ Kg5 32. Bg4 h5 33. Rg3 hxg4
34. hxg4 Re1+ 35. Kh2 Rdd1 0-1

[Event "Challenge"]
[Site "http://www.queenalice.com/game.php?id=1524628"]
[Date "2018.4.23"]
[Round "-"]
[White "Lapoule"]
[Black "ValensKaiser"]
[Result "0-1"]
[WhiteElo "2033"]
[BlackElo "2143"]

1. e4 e6 2. d4 d5 3. e5 c5 4. Nf3 cxd4 5. Nxd4 Nd7 6. Bf4 Qb6 7. b3 Bc5 8. c3
Ne7 9. Be2 Nc6 10. Be3 Ndxe5 11. h3 O-O 12. O-O Ng6 13. b4 Bxd4 14. Bxd4 Nxd4
15. Qxd4 Qxd4 16. cxd4 e5 17. dxe5 Nxe5 18. f4 Nc6 19. a3 Bf5 20. Nc3 d4 21. Nb5
Rfd8 22. Bf3 Bd3 23. Nc7 Rac8 24. Rfd1 Bc2 25. Rd2 Ba4 26. Nd5 Bb3 27. b5 Bxd5
28. bxc6 Bxf3 29. c7 Rxc7 30. gxf3 f5 31. Rad1 Rcd7 32. Kf2 Kf7 33. Kg3 Kf6 34.
Kh4 d3 35. Re1 Rc8 36. Kg3 Rc3 37. a4 g6 38. h4 Ra3 39. Red1 b6 40. Kf2 Rxa4 41.
Rxd3 Rxd3 42. Rxd3 Rxf4 43. Kg3 Ra4 44. Rd7 f4+ 45. Kg4 h5+ 46. Kh3 Ra5 47. Rd8
g5 48. Rd6+ Ke5 49. Rh6 g4+ 50. fxg4 Ra3+ 51. Kg2 hxg4 52. Rg6 Ra2+ 53. Kg1 g3
54. h5 Ke4 55. Re6+ Kf3 56. Rc6 Ra1+ 57. Rc1 Rxc1# 0-1

[Event "Challenge"]
[Site "http://www.queenalice.com/game.php?id=1524629"]
[Date "2018.4.23"]
[Round "-"]
[White "ValensKaiser"]
[Black "Lapoule"]
[Result "1-0"]
[WhiteElo "2135"]
[BlackElo "2017"]

1. e4 e6 2. d4 d5 3. Nc3 a6 4. Bd3 c5 5. dxc5 Bxc5 6. exd5 exd5 7. Nf3 h6 8. O-O
Nf6 9. Re1+ Be7 10. Be3 O-O 11. Na4 Nbd7 12. Bd4 b5 13. Nb6 Nxb6 14. Bxb6 Qd6
15. Bd4 Re8 16. a4 b4 17. Be5 Qc6 18. Nd4 Qb6 19. a5 Qd8 20. Nc6 Qd7 21. Nxe7+
Rxe7 22. Bxf6 gxf6 23. Qd2 Kg7 24. Qxb4 Re5 25. f4 Qg4 26. c3 Rxe1+ 27. Rxe1 Ra7
28. Qc5 Qd7 29. Re3 Qd8 30. Rg3+ Kh8 31. Qxa7 Qe8 32. Re3 Be6 33. f5 Qa4 34.
fxe6 Qe8 35. exf7 Kg7 36. fxe8=R# 1-0

[Event "Challenge"]
[Site "http://www.queenalice.com/game.php?id=1537132"]
[Date "2018.8.1"]
[Round "-"]
[White "dnptrs"]
[Black "ValensKaiser"]
[Result "1-0"]
[WhiteElo "2144"]
[BlackElo "2139"]

1. d4 Nf6 2. Nf3 d5 3. c4 dxc4 4. Nc3 e6 5. e3 c5 6. Bxc4 a6 7. O-O cxd4 8. exd4
Nc6 9. Bg5 Be7 10. Rc1 O-O 11. Bb3 Bd7 12. Ne5 Be8 13. Nxc6 1-0

[Event "Challenge"]
[Site "http://www.queenalice.com/game.php?id=1537133"]
[Date "2018.8.1"]
[Round "-"]
[White "ValensKaiser"]
[Black "dnptrs"]
[Result "0-1"]
[WhiteElo "2152"]
[BlackElo "2131"]

1. e4 c5 2. Nf3 e6 3. d4 cxd4 4. Nxd4 Nf6 5. Nc3 Nc6 6. Nxc6 bxc6 7. e5 Nd5 8.
Ne4 f5 9. Nd6+ Bxd6 10. exd6 Nf6 11. c3 O-O 12. Be2 e5 0-1